Microprocessors And Interfacing (Record no. 321855)

MARC details
000 -LEADER
fixed length control field 00457nam a2200169Ia 4500
008 - FIXED-LENGTH DATA ELEMENTS--GENERAL INFORMATION
fixed length control field 230718s9999 xx 000 0 und d
041 ## - LANGUAGE CODE
Language code of text/sound track or separate title eng
082 ## - DEWEY DECIMAL CLASSIFICATION NUMBER
Classification number 004.16
Item number HAL
100 ## - MAIN ENTRY--PERSONAL NAME
Personal name Hall D.V.
245 ## - TITLE STATEMENT
Title Microprocessors And Interfacing
Remainder of title Programming And Hardware
250 ## - EDITION STATEMENT
Edition statement 2nd ed.
260 ## - PUBLICATION, DISTRIBUTION, ETC. (IMPRINT)
Date of publication, distribution, etc. 2006
Name of publisher, distributor, etc. Tata Mc-Graw Hill
300 ## - PHYSICAL DESCRIPTION
Extent 663
365 ## - TRADE PRICE
Currency code Rs.
Price amount 395.00
700 ## - ADDED ENTRY--PERSONAL NAME
Personal name Hall D.V.
906 ## - LOCAL DATA ELEMENT F, LDF (RLIN)
d O:0015615-Jul-2009B:733809-Jul-2009
c IT
b 395
Holdings
Withdrawn status Lost status Damaged status Not for loan Home library Current library Date acquired Vendor Budget Code Cost, normal purchase price Bill number Total Checkouts Full call number Barcode Date last seen Discount Cost, replacement price Bill Date Koha item type Original Barcode
        Cummins College of Engineering for Women Pune Cummins College of Engineering for Women Pune 16/07/2009 Varma Book Distributors IT 316.00 7338   004.16 CCEP-BK-33062 18/07/2023 395 395.00 09/07/2009 Books 033062